00660nam a2200205 a 450000100100000000500170001000800410002702000150006804000250008308200190010810000340012724500890016126000550025030000210030549000190032665000220034565000340036770000330040183000200043400001921120200929165942.0100528s1993 uy 000 0 spa d a9974360242 aDO-SdBNPbspacBNPHU aU861.44bB456m1 aBenavides, Washington,d1930-14aLas milongas y otros cuentos /cWashington Benavides ; prólogo Isabelino A. Villa. aMontevideo :bInstituto Nacional del Libro,c1993. a105 p. ;c23 cm.1 aBrazo cortov7 4aPoesía uruguaya 4aLiteratura uruguayaySIGLO XX1 aVilla, Isabelino A.epról. 0aBrazo Corto,v7